বঙ্গবন্ধু মুক্তিযুদ্ধ ও অন্যান্য / (Record no. 40049)
[ view plain ]
| 000 -LEADER | |
|---|---|
| fixed length control field | 00928nam a2200229 a 4500 |
| 001 - CONTROL NUMBER | |
| control field | 40049 |
| 003 - CONTROL NUMBER IDENTIFIER | |
| rucl marc code | BD-RjUL |
| 005 - DATE AND TIME OF LATEST TRANSACTION | |
| control field | 20211209053126.0 |
| 008 - FIXED-LENGTH DATA ELEMENTS--GENERAL INFORMATION | |
| fixed length control field | 160421s1995 bg ||||| |||| 00| 0 ben d |
| 020 ## - INTERNATIONAL STANDARD BOOK NUMBER | |
| International Standard Book Number | 9844012880 |
| Terms of availability | : TK 120.00 |
| 035 ## - SYSTEM CONTROL NUMBER | |
| System control number | (BD-RjUL)40164 |
| 040 ## - CATALOGING SOURCE | |
| Original cataloging agency | BD-RjUL |
| Language of cataloging | ben |
| Transcribing agency | BD-RjUL |
| 041 ## - LANGUAGE CODE | |
| Language code of text/sound track or separate title | ben |
| 082 ## - DEWEY DECIMAL CLASSIFICATION NUMBER | |
| Edition number | 23 |
| Classification number | 954.9205092 |
| Author mark and year | ISB 1995 |
| 100 ## - MAIN ENTRY--PERSONAL NAME | |
| Personal name | ইসলাম, মযহারুল |
| 9 (RLIN) | 123335 |
| 245 10 - TITLE STATEMENT | |
| Title | বঙ্গবন্ধু মুক্তিযুদ্ধ ও অন্যান্য / |
| Statement of responsibility, etc. | মযহারুল ইসলাম |
| 260 ## - PUBLICATION, DISTRIBUTION, ETC. (IMPRINT) | |
| Place of publication, distribution, etc. | ঢাকা : |
| Name of publisher, distributor, etc. | আগামী প্রকাশনী, |
| Date of publication, distribution, etc. | ১৯৯৫ |
| 300 ## - PHYSICAL DESCRIPTION | |
| Pagination | ১৮৯ পৃ. ; |
| Size | ১৮ সেমি |
| 600 ## - SUBJECT ADDED ENTRY--PERSONAL NAME | |
| Personal name | রহমান, শেখ মুজিবুর, |
| Chronological subdivision | ১৯২০-১৯৭৫ |
| General subdivision | জীবনী |
| Titles and other words associated with a name | Rahman, Sheikh Mujibur, |
| Chronological subdivision | 1920-1975 |
| General subdivision | Biography |
| 942 ## - ADDED ENTRY ELEMENTS (KOHA) | |
| Source of classification or shelving scheme | Dewey Decimal Classification |
| Koha item type | Books |
| Lost status | Source of classification or shelving scheme | Damaged status | Not for loan | Collection code | Permanent Location | Current Location | Shelving location | Date acquired | Source of acquisition | Cost, normal purchase price | Total Checkouts | Full call number | Date last seen | Date checked out | Copy number | Koha item type |
|---|---|---|---|---|---|---|---|---|---|---|---|---|---|---|---|---|
| Dewey Decimal Classification | Non-fiction | Central Library, University of Rajshahi | Central Library, University of Rajshahi | 23/09/1998 | Mozharul Islam | 120.00 | 1 | B 954.9205092 ISB 1995 | 28/04/2016 | 27/04/2016 | C-2 | Books | ||||
| Dewey Decimal Classification | Non-fiction | Central Library, University of Rajshahi | Central Library, University of Rajshahi | 23/09/1998 | Mozharul Islam | 120.00 | 3 | B 954.9205092 ISB 1995 | 03/01/2017 | 05/12/2016 | C-3 | Books | ||||
| Dewey Decimal Classification | Non-fiction | Central Library, University of Rajshahi | Central Library, University of Rajshahi | 10/01/1999 | Agami Prokashoni | 120.00 | B 954.9205092 ISB 1995 | 18/05/2016 | C-4 | Books | ||||||
| Dewey Decimal Classification | Non-fiction | Central Library, University of Rajshahi | Central Library, University of Rajshahi | 10/01/1999 | Agami Prokashoni | 120.00 | B 954.9205092 ISB 1995 | 18/05/2016 | C-5 | Books | ||||||
| Dewey Decimal Classification | Non-fiction | Central Library, University of Rajshahi | Central Library, University of Rajshahi | 10/01/1999 | Agami Prokashoni | 120.00 | B 954.9205092 ISB 1995 | 18/05/2016 | C-6 | Books | ||||||
| Dewey Decimal Classification | Non-fiction | Central Library, University of Rajshahi | Central Library, University of Rajshahi | 23/09/1998 | Mozharul Islam | 120.00 | 2 | B 954.9205092 ISB 1995 | 15/11/2022 | 10/11/2022 | C-7 | Books | ||||
| Dewey Decimal Classification | Not For Loan | Non-fiction | Central Library, University of Rajshahi | Central Library, University of Rajshahi | Reading Room | 23/09/1998 | Mozharul Islam | 120.00 | B 954.9205092 ISB 1995 | 01/09/2021 | C-1 | Books | ||||
| Dewey Decimal Classification | Non-fiction | Central Library, University of Rajshahi | Central Library, University of Rajshahi | General Stacks | 02/06/2024 | B 954.9205092 ISB 1995 | 02/06/2024 | C-1 | Books |